| 000 | 00434nam a22001577a 4500 | ||
|---|---|---|---|
| 020 | _a9814126802 | ||
| 040 | _cNust | ||
| 082 |
_a62.112 _bBOR |
||
| 100 |
_aArthur P. Boresi _913407 |
||
| 110 |
_aRichard J. Schmidt _9124073 |
||
| 245 | _aAdvanced mechanics of Materials | ||
| 250 | _a6th Edition | ||
| 260 |
_aNew York: _bJohn Wiley and sons Inc, _c2003. |
||
| 650 |
_aAdvanced mechanics of Materials _9114234 |
||
| 942 |
_2ddc _cBK |
||
| 999 |
_c610740 _d610740 |
||